| 000 | 00486nam a22001937a 4500 | ||
|---|---|---|---|
| 003 | OSt | ||
| 005 | 20140415113152.0 | ||
| 008 | 140221t xxu||||| |||| 00| 0 eng d | ||
| 020 | _a0516271865 | ||
| 050 |
_aQB 582 _b.L37 2000 |
||
| 100 |
_aAllison Lassieur _930557 |
||
| 245 |
_aThe moon / _cAllison Lassieur |
||
| 260 |
_aNew York : _bA children's press, _c2000. |
||
| 300 |
_a47 p. : _bcol. ill. ; _c23 cm. |
||
| 521 | _aG3 | ||
| 526 | _c550 | ||
| 942 |
_2lcc _cBK |
||
| 999 |
_c42318 _d42318 |
||